000 00455nam a2200145Ia 4500
008 100204s9999 xx 000 0 und d
082 _b23349
100 _aसोनग्रा रतनलाल
245 _aसोनजातक
260 _b"प्रबुध्द नायक प्रकाशन , मुंबई"
_c1998
300 _a109
630 _aसोनजातक
730 _aसोनजातक
942 _cBOOK
999 _c468459
_d468456